Lower Limb Muscles - Statistics

General Stats
  • This quiz has been taken 193 times
  • The average score is 32 of 51
Answer Stats
Compartment Muscle Nerve Artery % Correct
Gluteal gluteus maximus inferior gluteal superior and inferior gluteal
92%
Gluteal gluteus minimus superior gluteal superior and inferior gluteal
90%
Gluteal gluteus medius superior gluteal superior and inferior gluteal
87%
Anterior Thigh vastus lateralis femoral femoral
86%
Anterior Thigh vastus medialis femoral femoral
86%
Anterior Thigh rectus femoris femoral femoral
85%
Medial Thigh adductor longus obturator femoral
80%
Anterior Thigh sartorius femoral femoral
80%
Medial Thigh adductor brevis obturator femoral
79%
Medial Thigh adductor magnus obturator femoral
77%
Medial Thigh gracilis obturator femoral
77%
Posterior Thigh semimembranosus tibial scitatic deep femoral
77%
Posterior Leg gastrocnemius tibial posterior tibial
76%
Posterior Thigh semitendinosus tibial scitatic deep femoral
76%
Posterior Leg soleus tibial posterior tibial
76%
Anterior Thigh vastus intermedius femoral femoral
75%
Anterior Leg tibialis anterior deep fibular anterior tibial
73%
Gluteal piriformis nerve to piriformis superior and inferior gluteal
72%
Anterior Thigh psoas major ventral rami femoral
69%
Anterior Leg extensor digitorum longus deep fibular anterior tibial
68%
Posterior Leg tibialis posterior tibial posterior tibial
66%
Anterior Thigh iliacus femoral femoral
65%
Medial Thigh pectineus obturator femoral
65%
Lateral Leg fibularis longus superficial fibular fibular
63%
Lateral Leg fibularis brevis superficial fibular fibular
62%
Anterior Leg extensor hallucis longus deep fibular anterior tibial
61%
Posterior Leg flexor digitorum longus tibial posterior tibial
59%
Posterior Leg flexor hallucis longus tibial posterior tibial
59%
Posterior Leg plantaris tibial posterior tibial
59%
Gluteal tensor fascia lata superior gluteal superior and inferior gluteal
59%
Gluteal obturator internus nerve to obturator internus superior and inferior gluteal
56%
Dorsum Foot extensor hallucis brevis deep fibular dorsalis pedis
54%
1st Layer Foot flexor digitorum brevis medial plantar lateral and medial plantar
54%
Gluteal quadratus femoris nerve to quadratus femoris superior and inferior gluteal
54%
Posterior Thigh biceps femoris long tibial sciatic deep femoral
52%
Posterior Thigh biceps femoris short common fibular sciatic deep femoral
52%
Dorsum Foot extensor digitorum brevis deep fibular dorsalis pedis
51%
3rd Layer Food flexor hallucis brevis medial plantar deep plantar arch
51%
Gluteal inferior gemellus nerve to quadratus femoris superior and inferior gluteal
51%
Gluteal superior gemellus nerve to obturator internus superior and inferior gluteal
51%
Posterior Leg popliteus tibial posterior tibial
49%
Medial Thigh obturator externus obturator femoral
46%
2nd Layer Foot lumbricals medial plantar 1, lateral plantar 2-4 lateral and medial plantar
45%
4th Layer Foot dorsal interossei lateral plantar deep plantar arch
44%
Anterior Leg fibularis tertius deep fibular anterior tibial
42%
4th Layer Foot plantar interossei lateral plantar deep plantar arch
42%
1st Layer Foot abductor hallucis medial plantar lateral and medial plantar
41%
3rd Layer Foot adductor hallucis lateral plantar deep plantar arch
41%
1st Layer Foot abductor digiti minimi lateral plantar lateral and medial plantar
35%
2nd Layer Foot quadratus plantae lateral plantar lateral and medial plantar
28%
3rd Layer Foot flexor digiti minimi brevis lateral plantar deep plantar arch
27%
No matching quizzes found
Score Distribution
Percent of People with Each Score
Percentile by Number Answered
Your Score History
You have not taken this quiz